000 00291nam a22001337a 4500
008 171014b xxu||||| |||| 00| 0 eng d
020 _a9780324421460
041 _aeng
080 _a330.101.541
100 _a52
101 _aMAK
245 _aMACROECONOMICS
_cHALL, R.E
942 _2udc
_cBK
999 _c33869
_d33869